000 00292nam a2200109Ia 4500
008 220204s9999 xx 000 0 und d
082 _a613.24
_bVOA
100 _aVoak, Sally Ann
245 0 _aOne hundred ideas for eating to be slim
260 _aLondon
_bMarshall Cavendish
_c1976
942 _cBK
999 _c30075
_d30075